000 00412nam a2200133Ia 4500
008 210430s9999 xx 000 0 und d
020 _a9780273793403
082 _a620.11 S5241I
100 _aShackelford, James F.
_940721
245 _aIntroduction to Materials Science for Engineers 8th
_cShackelford, James F.
260 _aEngland.
_bPearson Education Limited.
_c2016
300 _a617p.
942 _cREF
_2ddc
999 _c565740
_d565740